Fables (Registro nro. 309981)
[ vista simple ]
| 000 -ENCABEZADO | |
|---|---|
| Número de control [NR] | 01646nam a22002777a 4500 |
| 005 - FECHA Y HORA DE LA ÚLTIMA TRANSACCIÓN | |
| control field | 20180626091726.0 |
| 008 - DE LONGITUD FIJA DE DATOS DE ELEMENTOS - INFORMACIÓN GENERAL | |
| Elementos de longitud fija [NR] | 160523s1824 fr |||fr|||| 001 0dfre d |
| 040 ## - FUENTE DE CATALOGACION [NR] | |
| Agencia de catalogación original [NR] | CO-BoUCM |
| Idioma de catalogación [NR] | spa |
| Quien Cataloga | Sandra Yazo |
| Quien Clasifica | Sandra Yazo |
| 041 0# - CODIGO DE IDIOMA [R] | |
| Código de idioma para texto/pista de sonido o título separado [R] | Español |
| 082 04 - NUMERO DE CLASIFICACION DECIMAL DEWEY [R] | |
| Número de la edición [NR] | 20 |
| Número de clasificación [R] | 808.831 |
| 092 ## - SIGNATURA TOPOGRAFICA LOCAL | |
| Número de clasificación local | E46N060 |
| 100 1# - ASIENTO PRINCIPAL--NOMBRE PERSONAL [NR] | |
| Nombre personal [NR] | La Fontaine, Jean de |
| Fechas asociadas con el nombre [NR] | 1621-1695 |
| ID Autoridad | 47485 |
| 242 00 - TRADUCCION DEL TITULO POR LA AGENCIA CATALOGADORA [R] | |
| Título [NR] | Fábulas |
| Parte restante del título [NR] | Tomo primero |
| Mención de responsabilidad, etc. [NR] | de Jean de La Fontaine |
| Código de idioma del título traducido [NR] | spa |
| 245 10 - MENCION DE TITULO [NR] | |
| Título [NR] | Fables |
| Parte restante del título [NR] | Tome premier |
| Mención de responsabilidad, etc. [NR] | de J. de La Fontaine |
| 260 ## - PUBLICACION, DISTRIBUCION, ETC. (PIE DE IMPRENTA) [R] | |
| Lugar de publicación, distribución, etc. [R] | París (Francia) |
| Nombre del editor, distribuidor, etc. [R] | Imprimerie de Jules Didot Ainé, imprimeur du Roi [Imprenta de Jules Didot, el Mayor, impresor del Rey] |
| Fecha de publicación, distribución, etc. [R] | 1824 |
| 300 ## - DESCRIPCION FISICA [R] | |
| Extensión [R] | xxxviii, 253 páginas |
| Dimensiones [R] | 13 x 8 cm. |
| 490 #0 - MENCION DE SERIE [R] | |
| Mención de serie [R] | Collection des Classiques François [Colección de Clásicos franceses] |
| 500 ## - NOTA GENERAL [R] | |
| Nota general [NR] | Detalles físicos: Encuadernación rígida en cartón forrado en papel. Lomo con tejuelo de piel adornos en dorado. Guardas, la delantera con una firma (Brito ...). Anteportada. Hoja especial de papel con grabado (firmado) del Autor. Portada impresa en una sola tinta, con pequeña marca tipográfica de Didot, enmarcada en una estrella laureada. Texto impreso en una sola columna con diferentes tipos y tamaños de letra. Notas de pie de página. Índices. Erratas. Cortes decorados. Deterioro en bordes y esquinas. Papel manchado. Hojas con bordes desiguales |
| 505 #7 - NOTA DE CONTENIDO CON FORMATO PREESTABLECIDO [R] | |
| Nota de contenido con formato preestablecido [NR] | V.1: Vida de Esopo, el Frigio ; Fábulas de La Fontaine: Libros I al VI |
| 506 ## - NOTA DE RESTRICCIONES DE ACCESO [R] | |
| Condiciones de acceso [NR] | Consulta en sala |
| 546 ## - NOTA DE IDIOMA [R] | |
| Nota de idioma [NR] | Texto en francés |
| 650 #7 - ASIENTO SECUNDARIO DE MATERIA - TERMINO TEMATICO [R] | |
| 9 (RLIN) | 15516 |
| Término temático o nombre geográfico como elemento de entrada [NR] | Fábulas francesas |
| 650 #7 - ASIENTO SECUNDARIO DE MATERIA - TERMINO TEMATICO [R] | |
| Término temático o nombre geográfico como elemento de entrada [NR] | Literatura francesa |
| 9 (RLIN) | 7794 |
| 690 ## - ASUNTO AGREGADO LOCAL DE ENTRADA - TÉRMINO TEMÁTICO (OCLC, RLIN) | |
| Acceso temático local | Literatura europea |
| 9 (RLIN) | 26524 |
| 942 ## - ELEMENTOS DE ENTRADA AGREGADOS (KOHA) | |
| Sistema de clasificación | LOCAL |
| Tipo de ítem principal el descrito en 300a | Libro |
| Edición | 1 |
| Clasificación | E46N060 |
| Suprimido | Perdido | Sistema de clasificación | Dañado | No prestable | Tipo de ítem específico | Ubicación habitual | Ubicación actual | Localización | Fecha de creación | Forma de adquisición | Costo | Total préstamos | Signatura topográfica | Código de barras | Última vez visto | Ejemplar | Price effective from | Tipo de ítem |
|---|---|---|---|---|---|---|---|---|---|---|---|---|---|---|---|---|---|---|
| LOCAL | Libro archivo | Archivo Histórico | Archivo Histórico | Archivo histórico | 29/05/2018 | Donación | 0.00 | E46N060 | L006613 | 29/05/2018 | Ej.1 | 29/05/2018 | Libro |